Superior processing rubber from radiation cross-linked natural rubber latex. (Record no. 69965)

MARC details
000 -LEADER
fixed length control field 00539nam a2200193Ia 4500
100 ## - MAIN ENTRY--AUTHOR NAME
Personal name Joseph J
245 #0 - TITLE STATEMENT
Title Superior processing rubber from radiation cross-linked natural rubber latex.
260 ## - PUBLICATION, DISTRIBUTION, ETC. (IMPRINT)
Name of publisher Rubber Science
Year of publication 2014
300 ## - PHYSICAL DESCRIPTION
Number of Pages 127-134
650 ## - SUBJECT ADDED ENTRY--TOPICAL TERM
Topical Term Natural rubber latex
650 ## - SUBJECT ADDED ENTRY--TOPICAL TERM
Topical Term Processing rubber
650 ## - SUBJECT ADDED ENTRY--TOPICAL TERM
Topical Term Radiation vulcanisation
650 ## - SUBJECT ADDED ENTRY--TOPICAL TERM
Topical Term Viscoelasticity
700 ## - ADDED ENTRY--PERSONAL NAME
Personal name Alex R
700 ## - ADDED ENTRY--PERSONAL NAME
Personal name Madhusoodanan K N
700 ## - ADDED ENTRY--PERSONAL NAME
Personal name Sadeesh Babu P S
942 ## - ADDED ENTRY ELEMENTS (KOHA)
Koha item type Journals
Holdings
Withdrawn status Lost status Damaged status Not for loan Home library Current library Date acquired Serial Enumeration / chronology Koha item type
      Journals RRII Library RRII Library 02/06/2014 Volume 27, Issue 1 Journals